TRAINING strategies for integrated rural development /

Bibliographic Details
Format: Book
Published: Kuala Lumpur: APDAC, 1978.
Edition:1st ed..
Subjects:
LEADER 00493cam a2200181 7i4500
001 0000054498
005 20151104090000.0
005 ##20151104173000.0
002 ##000001447
003 ##MY-KlINT
008 151104 00010 eng
039 # 9 |y 201511041730  |z VLOAD 
090 0 0 |a 307.72 TRA  
245 0 0 |a TRAINING strategies for integrated rural development /   |c edited by In-Joung Whang.. 
250 # # |a 1st ed.. 
260 # # |a Kuala Lumpur:   |b APDAC,   |c 1978. 
300 # # |a 179p; 21cm. 
650 # 0 |a Rural development